|
|
|
|
| LEADER |
00000nam a22000007a 4500 |
| 005 |
20180220234031.0 |
| 007 |
cr|||| |||| |
| 008 |
180220s2016 ar |||||s|||| 00||0 spa d |
| 020 |
|
|
|a 978-950-572-915-9
|
| 035 |
|
|
|a 20976
|
| 040 |
|
|
|a vLex
|
| 090 |
|
|
|c 7392
|d 7392
|
| 100 |
1 |
|
|a Rozas, Fernando O.
|
| 245 |
1 |
0 |
|a Constitucin̤ de la Provincia de Buenos Aires (Comentada, concordada, anotada)
|h [Recurso electrn̤ico] /
|c Fernando O. Rozas, Gustavo A. H. Ferrari
|
| 256 |
|
|
|a Servicio en ln̕ea
|
| 260 |
|
|
|a La Plata:
|b Editorial Scotti Libros,
|c 2016
|
| 300 |
|
|
|a 1 recurso electrn̤ico (388 p.)
|
| 506 |
1 |
|
|a Disponible solo en los productos indicados
|d vLex Global
|d vLex Global (Academic Edition, excluding Law Schools)
|d vLex Global (U.S. Academic Edition, Law Schools)
|d vLex Global (U.S. Academic Edition, excluding Law Schools)
|d vLex Global (Academic Edition, Law Schools)
|
| 650 |
0 |
4 |
|a Derecho Constitucional
|z Argentina
|
| 700 |
1 |
|
|a Ferrari, Gustavo A. H.
|
| 740 |
0 |
|
|a vLex Libros (Servicio en ln̕ea)
|
| 856 |
4 |
0 |
|u http://vlex.com/source/constitucion-provincia-buenos-aires-comentada-concordada-anotada-20976
|z Acceso restringido
|
| 942 |
|
|
|c BOOK
|
| 999 |
0 |
|
|a Constitutional right
|